| 000 | 01257nam a22002177a 4500 | ||
|---|---|---|---|
| 999 |
_c168614 _d168614 |
||
| 005 | 20191017124507.0 | ||
| 010 | _aB-730560 | ||
| 020 |
_a9789353093051 _c40.00 |
||
| 035 | _aB-730560 | ||
| 037 | _bडी.बी.ए.डी./ उपहार | ||
| 082 | _a920 | ||
| 100 | _aजयराज, नन्दिता | ||
| 245 |
_aअन्ना मणि - एक प्रखर मौसम विशेषज्ञा/ _cनन्दिता जयराज ; प्रिया कुरियन द्वारा चित्रांकित; पुजा ओमवीर रावत द्वारा हिन्दी अनुवाद |
||
| 260 |
_aनई दिल्ली _bप्रथम बुक्स _c2018 |
||
| 270 |
_a#621, 2nd floor, 5th Main, OMBR Layout, Banaswadi, _bBengaluru _e560043 _k+91 80 42052574, 91 11 41042483 |
||
| 300 |
_a10पृ. _bसचित्र _c14x20 सेमी (अजिल्द) |
||
| 700 |
_928835 _aकुरियन, प्रिया |
||
| 700 |
_928836 _aरावत, पुजा ओमवीर |
||
| 942 |
_2ddc _cCH _h920 _mजयरा |
||